[Event "Laoag City op"]
[Site "Laoag City"]
[Date "2023.12.21"]
[Round "6"]
[White "Cantela, Lorenzo Aaron"]
[Black "Rapanot, Alfredo"]
[Result "0-1"]
[WhiteElo "1820"]
[BlackElo "2090"]
[PlyCount "128"]
[EventDate "2023.12.19"]
[EventType "swiss"]
[EventRounds "9"]
[EventCountry "PHI"]
[SourceTitle "CB16_2024"]
[SourceDate "2024.04.17"]
[SourceVersion "1"]
[SourceVersionDate "2024.04.17"]
[SourceQuality "1"]

1. e4 e6 2. d4 d5 3. Nd2 Nf6 4. e5 Nfd7 5. Bd3 c5 6. c3 Nc6 7. Ngf3 Qb6 8. Qa4 cxd4 9. cxd4 f6 10. exf6 Nxf6 11. 0-0 Bd7 12. Bb5 Bd6 13. Bxc6 Bxc6 14. Qb3 0-0 15. Re1 Qxb3 16. Nxb3 Ne4 17. Be3 a5 18. Nc5 Rfe8 19. Nd3 a4 20. Rec1 Rac8 21. Nfe5 Bb5 22. f3 Bxd3 23. Nxd3 Nf6 24. Bf4 Bxf4 25. Nxf4 Rc4 26. Rd1 g5 27. Nh3 h6 28. Rd2 Rec8 29. Nf2 Rc1+ 30. Rxc1 Rxc1+ 31. Nd1 Ne8 32. Kf2 Nd6 33. Ne3 Ra1 34. a3 b5 35. Rc2 Nc4 36. Ke2 Kf7 37. Nxc4 bxc4 38. Kd2 Kf6 39. Kc3 Rd1 40. Kb4 Rxd4 41. Kxa4 Ke5 42. Kb5 Kd6 43. a4 Rd3 44. Rc3 Rd2 45. b4 cxb3 46. Rxb3 Rxg2 47. h3 Ra2 48. a5 d4 49. Kb6 Kd5 50. Kb5 e5 51. Kb4 e4 52. fxe4+ Kxe4 53. Ra3 Rb2+ 54. Rb3 Rc2 55. a6 Rc7 56. Ra3 Ra7 57. Ra5 h5 58. Rxg5 Rxa6 59. Rxh5 Rc6 60. Rh8 d3 61. Rd8 Kf3 62. Rf8+ Ke2 63. Re8+ Kd1 64. Kb3 d2 0-1